[Event "III Miedzynarodowy Memorial Ireny Warakomskiej - Open C"]
[Site "Suwalki"]
[Date "2019.08.12"]
[Round "9.23"]
[White "Wiszniewska, Gabriela"]
[Black "Sprzeczka, Emilia"]
[Result "0-1"]
[WhiteTitle ""]
[BlackTitle ""]
[WhiteElo "1100"]
[BlackElo "1276"]

1. e4 e5 2. Nf3 Nc6 3. d4 exd4 4. Bc4 d6 5. Nxd4 Nf6 6. O-O Be7 7. Nxc6 bxc6 8.
Nc3 O-O 9. Bf4 Be6 10. Bb3 h6 11. e5 Nh7 12. Ba4 Qd7 13. exd6 cxd6 14. Nd5 Bxd5
15. Qxd5 Nf6 16. Qxc6 Qxc6 17. Bxc6 Rac8 18. Ba4 Rc4 19. Bxd6 Bxd6 20. Bb3 Rd4
21. Rad1 Rxd1 22. Rxd1 Bc5 23. a3 Re8 24. Kf1 Ng4 25. Rd7 Re7 26. Rxe7 Bxe7 27.
h3 Ne5 28. Bd5 Kf8 29. Ke2 Bc5 30. f3 f6 31. g3 Ke7 32. b4 Bb6 33. c4 Kd6 34.
f4 Nc6 35. Kd3 Ne7 36. Be4 Bf2 37. g4 g6 38. c5+ Kc7 39. f5 gxf5 40. Bxf5 Nxf5
41. gxf5 Kc6 42. Kc4 a6 43. a4 h5 44. b5+ axb5+ 45. axb5+ Kc7 46. Kd5 Kb7 47.
Kd6 Bg3+ 48. Ke6 Be5 49. Kf7 Bd4 50. c6+ Kb6 51. Kg6 h4 52. Kh5 Be5 53. Kxh4 Kxb5
54. Kh5 Kxc6 55. Kg6 Kd6 56. h4 Ke7 57. h5 Kf8 58. Kh7 Kf7 59. Kh8 Bf4 60. Kh7
Bg5 0-1

[Event "III Miedzynarodowy Memorial Ireny Warakomskiej - Open C"]
[Site "Suwalki"]
[Date "2019.08.12"]
[Round "9.24"]
[White "Walendykiewicz, Martyna"]
[Black "Iracki, Piotr"]
[Result "1/2-1/2"]
[WhiteTitle ""]
[BlackTitle ""]
[WhiteElo "1253"]
[BlackElo "1116"]

1. e4 e5 2. Nf3 Nc6 3. Bb5 a6 4. Bxc6 dxc6 5. O-O Bg4 6. h3 Bh5 7. d3 Bd6 8. Be3
h6 9. Nbd2 Nf6 10. a3 O-O 11. Re1 c5 12. b3 Qe7 13. Qb1 Rad8 14. Nh2 b5 15. Nhf1
Rfe8 16. Ng3 Bg6 17. Qd1 c4 18. bxc4 Bxa3 19. cxb5 axb5 20. Qf3 Bc5 21. Nb3 Bxe3
22. Qxe3 Nd7 23. Rab1 c6 24. Kh1 Rc8 25. Qf3 Nc5 26. Nxc5 Qxc5 27. Rbc1 Re6 28.
Qe3 Qxe3 29. Rxe3 Rf6 30. Kg1 c5 31. Rb1 b4 32. Ne2 Rb6 33. Nc3 Rbb8 34. Nd5 Rb7
35. Rg3 c4 36. f4 b3 37. cxb3 cxd3 38. f5 Rxb3 39. Rxb3 Rc1+ 40. Kh2 d2 1/2-1/2

[Event "III Miedzynarodowy Memorial Ireny Warakomskiej - Open C"]
[Site "Suwalki"]
[Date "2019.08.12"]
[Round "9.25"]
[White "Chiszko, Wiktoria"]
[Black "Gladyszewska, Kinga"]
[Result "0-1"]
[WhiteTitle ""]
[BlackTitle ""]
[WhiteElo "1046"]
[BlackElo "1235"]

1. e4 c5 2. c3 d6 3. d4 cxd4 4. cxd4 Nf6 5. Nc3 e6 6. Nf3 Nc6 7. Be3 Bd7 8. Be2
Be7 9. O-O O-O 10. Qd2 Ng4 11. h3 Nxe3 12. Qxe3 Qb6 13. b3 Bf6 14. Rad1 Rac8 15.
e5 dxe5 16. Na4 Qc7 17. dxe5 Nxe5 18. Nxe5 Bxe5 19. Rxd7 Qxd7 20. Qxe5 Qd2 21.
f4 Qxa2 22. Bc4 Rxc4 23. bxc4 Qxa4 24. Qd4 a6 25. f5 exf5 26. Rxf5 Qc2 27. Rf2
Qc1+ 28. Rf1 Qc2 29. Rf2 Qg6 30. Rb2 0-1

[Event "III Miedzynarodowy Memorial Ireny Warakomskiej - Open C"]
[Site "Suwalki"]
[Date "2019.08.12"]
[Round "9.27"]
[White "Gres, Rafal"]
[Black "Borowik, Grzegorz"]
[Result "1-0"]
[WhiteTitle ""]
[BlackTitle ""]
[WhiteElo "1214"]
[BlackElo "1123"]

1. e4 c5 2. Nf3 d6 3. Bc4 Bg4 4. Bxf7+ Kxf7 5. Ng5+ Ke8 6. Qxg4 Nf6 7. Qe6 Qd7
8. Qf7+ Kd8 9. Ne6+ Kc8 10. Nxf8 Qc6 11. Nc3 Nxe4 12. Qxg7 Nxc3 13. dxc3 Qe4+
14. Be3 Qe5 15. Qg4+ Kc7 16. Ne6+ Kb6 17. Qb4+ Kc6 18. Qb3 b5 19. a4 Kd7 20. Nf4
Rc8 21. Qxb5+ Nc6 22. O-O-O Rab8 23. Qxc5 Qh8 24. Qf5+ Kc7 25. Rhe1 Ne5 26. Bd4
Qe8 27. Ne6+ Kb7 28. Bxe5 dxe5 29. Qxe5 a6 30. Qd5+ Ka7 31. Qd7+ Qxd7 32. Rxd7+
Kb6 33. Rxe7 h6 34. Nd4 1-0

[Event "III Miedzynarodowy Memorial Ireny Warakomskiej - Open C"]
[Site "Suwalki"]
[Date "2019.08.12"]
[Round "9.28"]
[White "Milewski, Mateusz"]
[Black "Sivickis, Kornelia "]
[Result "1-0"]
[WhiteTitle ""]
[BlackTitle ""]
[WhiteElo "1207"]
[BlackElo "1101"]

1. e4 c5 2. Nf3 e6 3. d4 cxd4 4. Nxd4 a6 5. c4 Qc7 6. Nc3 Nc6 7. f3 b6 8. Be3 d6
9. Be2 Bb7 10. O-O Nge7 11. Rc1 Qd8 12. Bd2 1-0

[Event "III Miedzynarodowy Memorial Ireny Warakomskiej - Open C"]
[Site "Suwalki"]
[Date "2019.08.12"]
[Round "9.29"]
[White "Dietrich, Grzegorz "]
[Black "Makarec, Anna"]
[Result "0-1"]
[WhiteTitle ""]
[BlackTitle ""]
[WhiteElo "1203"]
[BlackElo "1099"]

1. e4 e5 2. Nf3 Nc6 3. d4 exd4 4. Bc4 Nf6 5. e5 d5 6. Bb5 Ne4 7. Nxd4 Bd7 8. Bxc6
bxc6 9. O-O Bc5 10. f3 Ng5 11. Be3 Bb6 12. f4 Ne4 13. Nd2 Nxd2 14. Qxd2 c5 15.
Nf3 d4 16. Bf2 Bc6 17. Bh4 Qd7 18. Ng5 O-O-O 19. f5 d3 20. c3 c4+ 21. Kh1 Qd5
22. Rae1 Rde8 23. e6 fxe6 24. fxe6 h6 25. Nf7 Rhf8 26. Re5 Re7 0-1

[Event "III Miedzynarodowy Memorial Ireny Warakomskiej - Open C"]
[Site "Suwalki"]
[Date "2019.08.12"]
[Round "9.30"]
[White "Kudraszow, Filip "]
[Black "Bednarski, Pawel "]
[Result "1-0"]
[WhiteTitle ""]
[BlackTitle ""]
[WhiteElo "1056"]
[BlackElo "1135"]

1. e4 e5 2. Nf3 Nc6 3. c3 Bc5 4. b4 Bb6 5. b5 Na5 6. Nxe5 Qe7 7. d4 a6 8. Ba3 Qe6
9. Nf3 Qxe4+ 10. Be2 Nf6 11. O-O Kd8 1-0